• 首页
  • 本馆介绍
  • 公告通知
  • 最新文献
  • 馆藏检索
  • 电子资源
  • 读者导购
  • 参考咨询
  • 我的图书馆
  • 登录
  • 详细信息显示
  • 放入我的书架
  • 预约/预借图书
  • 作者相关作品
  • 分类相关作品
  • 丛书相关作品
  • 出版社相关作品

书目信息

  • 表格格式
  • 工作单格式
  • 卡片格式
题名:
熟悉的地方没有风景
    
 
作者: 李如志 著
分册:  
出版信息: 北京   解放军文艺出版社  2003
页数: 297页
开本: 21cm
丛书名:
单 册:
中图分类: I267.4
科图分类:
主题词: 散文--作品集--中国--当代
电子资源:
ISBN: 7-5033-1617-9
000 01308nam0 2200325 450
000 01271nam0 2200313 450
000 01268nam0 2200325 450
000 01214nam0 2200301 450
000 01188nam0 2200289 450
000 01151nam0 2200277 45
001 200562
005 20061221111624.15
010    @a7-5033-1617-9@dCNY22.00
100    @a20060829d2003 kemy0chiy0121 ea
101 0  @achi
102    @aCN@b110000
105    @aaf z 000cy
200 1  @a熟悉的地方没有风景@Ashou xi de di fang mei you feng jing@f李如志著
210    @a北京@c解放军文艺出版社@d2003
215    @a297页@c彩图@d21cm
314    @a李如志(1950~ ),河北永年农村,中国电视艺术家协会会员。一级作者。曾任邯郸市文联副主席,现任中共武安市委书记。
330    @a本书是一个对生活充满热爱和真情的“行者”,是一个贴进大地的歌者,他把自己走过的地方看过的风情领悟的历史溶进深深的思考,构筑成一道独特的生命风景。是一本值得一读的文化散文。收有《第一次见海》、《过三峡》等作品。
606 0  @a散文@x作品集@y中国@z当代
690    @aI267.4@v4
701  0 @a李如志@Ali ru zhi@4著
801  0 @aCN@b中图数据@c20061221
905    @a10447@dI267.4@e1099
    
    熟悉的地方没有风景/李如志著.-北京:解放军文艺出版社,2003
    297页:彩图;21cm
    
    
    ISBN 7-5033-1617-9:CNY22.00
    本书是一个对生活充满热爱和真情的“行者”,是一个贴进大地的歌者,他把自己走过的地方看过的风情领悟的历史溶进深深的思考,构筑成一道独特的生命风景。是一本值得一读的文化散文。收有《第一次见海》、《过三峡》等作品。
●
相关链接 在E读中查询图书 在五车中查询图书 在当当中查询图书 在豆瓣中查询图书


正题名:熟悉的地方没有风景     索取号:I267.4/1099         预约/预借

序号 登录号 条形码 馆藏地/架位号 状态 备注
1 0616493   206164933   第一样本阅览室/ [索取号:I267.4/1099] 在馆    
唐山师范学院图书馆 欢迎您!
大连网信软件有限公司© 版权所有